La tregua /

Martín es un viudo cincuentón, con tres hijos mayores, trabajador y a punto de jubilarse. Su vida rutinaria se alterará con la presencia de Laura, una joven que llega a trabajar en su oficina, y ambos inician un cálido romance. Nueva adaptación de La tregua (1960), una de las novelas más conocidas d...

Description complète

Enregistré dans:
Détails bibliographiques
Auteur principal: Rosas Priego, Alfonso (realización)
Autres auteurs: Sánchez, Francisco (guión) (guión), Rosas Priego, Alfonso (guión) (guión), Flores Torres, Eduardo (fotógrafo) (fotógrafo), Puente, Carlos (montaje) (montaje), Rubín, Amparo (música) (música), Vega, Gonzalo (actuación) (actuación), Fonseca, Adriana (actuación) (actuación), Murray, Guillermo (actuación) (actuación)
Format: Diapositive
Langue:espagnol
Sujets:
Tags: Ajouter un tag
Pas de tags, Soyez le premier à ajouter un tag!

MARC

LEADER 00000ngm^a2200000^a^4500
001 000453304
005 20250521000000.0
009 20260310123857.486
025 |a Donación Sergio Padilla Moreno, 1 ejemplar 
037 |a Acervo ITESO - Biblioteca 
041 |a ESP 
082 |a 860.  |b ROS 
100 |a Rosas Priego, Alfonso  |e (realización) 
240 1 4 |a [La tregua, de Mario Benedetti] 
240 1 4 |a [La tregua, de Mario Benedetti. Adaptaciones] 
245 1 3 |a La tregua /  |c Realización de A. Rosas Priego. 
264 2 |a México :  |b Distrimax [distribución],  |c 2004, c2004 
300 |a 1 DVD regiones 1 y 4 (103 min.) :  |b color 
336 |a imagen móvil bidimensional  |b tdi  |2 rdacontenido 
337 |a video  |b v  |2 rdamedio 
338 |a videodisco  |b vd  |2 rdasoporte 
500 |a Basado en: La tregua, de Mario Benedetti 
506 |a Ejemplar donado, disponible sólo para préstamo externo y uso individual, no autorizado para proyecciones colectivas 
520 |a Martín es un viudo cincuentón, con tres hijos mayores, trabajador y a punto de jubilarse. Su vida rutinaria se alterará con la presencia de Laura, una joven que llega a trabajar en su oficina, y ambos inician un cálido romance. Nueva adaptación de La tregua (1960), una de las novelas más conocidas del uruguayo Mario Benedetti (1920-2009), trasladada anteriormente a la televisión (1972) y el cine (1974) argentinos, transformada en una teleserie colombiana (1980) y llevada esta vez a escenarios veracruzanos. 
585 |a Festival Internacional de Cine de Mar del Plata (19°: 2004): Participante mexicana, sección paralela América Latina XXI 
649 |a XX 
650 |a Viudos en el Cine 
650 |a Adultos Maduros en el Cine 
650 |a Melodramas 
650 |a Dramas Cinematográficos 
650 |a Cine Mexicano -  |y 2000-2009 
650 |a Cine Mexicano -  |y Siglo XXI 
650 |a Novela Uruguaya -  |x Adaptaciones para Cine 
650 |a Literatura Uruguaya -  |y Siglo XX -  |x Adaptaciones para Cine 
650 |a Literatura y Cine 
650 |a Enamoramiento -  |x Tema Principal 
650 |a Relaciones de Pareja 
650 |a Relaciones Intergénero 
650 |a Conciliación Trabajo-Vida Personal 
650 |a Aburrimiento 
650 |a Vida Cotidiana 
650 |a Destino y Fatalismo 
650 |a Veracruz (Ciudad) en el Cine 
700 |a Sánchez, Francisco  |e (guión) 
700 |a Rosas Priego, Alfonso  |e (guión) 
700 |a Flores Torres, Eduardo  |e (fotógrafo) 
700 |a Puente, Carlos  |e (montaje) 
700 |a Rubín, Amparo  |e (música) 
700 |a Vega, Gonzalo  |e (actuación) 
700 |a Fonseca, Adriana  |e (actuación) 
700 |a Murray, Guillermo  |e (actuación) 
910 |a Fondo General 
920 |a Audiovisuales - DVDs 
940 |a Películas 
905 |a 302 
901 |a 0500384216  |b IT2  |c DVS  |u 20250521 
902 |a https://opac.biblio.iteso.mx/vufind/Record/000453304